| 000 -LEADER |
| fixed length control field |
00655nam a22001817a 4500 |
| 005 - DATE AND TIME OF LATEST TRANSACTION |
| control field |
20240418155523.0 |
| 008 - FIXED-LENGTH DATA ELEMENTS--GENERAL INFORMATION |
| fixed length control field |
240418s2005 enk||||| |||| 00| 0 eng d |
| 020 ## - INTERNATIONAL STANDARD BOOK NUMBER |
| International Standard Book Number |
9781929007455 |
| 041 ## - LANGUAGE CODE |
| Language code of text/sound track or separate title |
eng |
| 080 ## - UNIVERSAL DECIMAL CLASSIFICATION NUMBER |
| Universal Decimal Classification number |
616.8 B-92 |
| 100 ## - MAIN ENTRY--PERSONAL NAME |
| Personal name |
Buja, L. Maximilian |
| 9 (RLIN) |
21868 |
| 245 ## - TITLE STATEMENT |
| Title |
Netter's Illustrated Human Pathology / |
| Statement of responsibility, etc. |
L. Maximilian Buja, Gerhard R. F. Krueger. |
| 300 ## - PHYSICAL DESCRIPTION |
| Extent |
526 p.: |
| Other physical details |
ill. ; |
| Dimensions |
28 cm. |
| 653 ## - INDEX TERM--UNCONTROLLED |
| keyword |
ილუსტრირებული ადამიანის პათოლოგია |
| 653 ## - INDEX TERM--UNCONTROLLED |
| keyword |
მედიცინა |
| 700 ## - ADDED ENTRY--PERSONAL NAME |
| Personal name |
Krueger, Gerhard R. F. |
| Relator term |
ავტორი |
| 9 (RLIN) |
21869 |
| 942 ## - ADDED ENTRY ELEMENTS (KOHA) |
| Source of classification or shelving scheme |
|
| Koha item type |
წიგნი |